000
00325nam a22001337a 4500
003
OSt
008
201120b ||||| |||| 00| 0 eng d
100
_a
DATE, C.J. etc
245
_a
Introduction to Database Systems
260
_a
New Delhi
_b
S.Chand
_c
2013
300
_a
931
650
_a
B.Sc Computer Science
942
_2
ddc
_c
BK
999
_c
9289
_d
9289